000 00503nam a2200181Ia 4500
003 OSt
005 20250120143307.0
008 231217s9999 xx 000 0 und d
020 _a9788131766378
040 _c0
041 _aEnglish
082 _a621.31015118 KOB;1 R
100 _aKobayashi, Hisashi. Mark, Brian L.
245 0 _aSystem modelling and analysis : foundations of system performance evaluation
260 _c2009
_bSouth Asia
_aPearson
300 _axviii, 782
942 _cAA
_2ddc
999 _c197909
_d197909